00629nam a2200169Ia 4500001001000000003000500010008004100015010001100056040000900067100003300076245014500109260003500254300001000289502007100299650003600370710005300406Para_1333CHAP220125s1998 xx 000 0 und d a200041 cCHAP aSánchez Sánchez, Hermilo aCaracterización parcial de un virus que ocure en trigo (Triticum aestivum L.), en el Estado de México /c por Hermilo Sánchez Sanchez aChapingo, Méx. :b El autor a83 h. aTesis (M.C. en Protección Vegetal), UACh. Depto. Parasitología aTrigo x enfermedades por virus aUACh. Departamento de Parasitología Agrícola